| 000 | 00867nam a22002297a 4500 | ||
|---|---|---|---|
| 008 | 240605b mp ||||| |||| 00| 0 mon d | ||
| 020 | _a99929-0-025-3 | ||
| 035 | _a12656 | ||
| 040 |
_aHE0623081 _bmon _cMN-UlNLM _dMN-UlNLM _erda |
||
| 041 | _amon | ||
| 042 | _a28545 | ||
| 084 |
_2NNA _a92 _bЛ.439 |
||
| 100 | _aЛенгли Э. | ||
| 245 | 0 | _aМиний эхэлж унших нэвтэрхий толь | |
| 264 |
_aУБ. _bМонсудар _c2000 |
||
| 300 | _a143х. | ||
| 336 |
_2rdacontent _atext _btxt |
||
| 337 |
_2rdamedia _aunmediated _bn |
||
| 338 |
_2rdacarrier _avolume _bnc |
||
| 650 | _aЭнэхүү номонд өсвөр үеийнхнийг танин мэдэхүй, нээлтэнд хүрэх зугаатай аянд хөтлөх болно.Аялал нь хүүхдийн өөрийн нь бие махбод, ... | ||
| 942 |
_2NNA _cBK |
||
| 999 |
_c884581 _d884638 |
||